[Event "Helmond Rapid op"]
[Site "Helmond"]
[Date "2023.06.10"]
[Round "1"]
[White "Ten Kate, Gustav"]
[Black "Duson, Robin"]
[Result "0-1"]
[WhiteElo "1362"]
[BlackElo "2177"]
[PlyCount "116"]
[EventDate "2023.06.10"]
[EventType "swiss (rapid)"]
[EventRounds "9"]
[EventCountry "NED"]
[SourceTitle "CBM 214 Extra"]
[Source "ChessBase"]
[SourceDate "2023.07.31"]
[SourceVersion "1"]
[SourceVersionDate "2023.07.31"]
[SourceQuality "1"]

1. e4 c5 2. c4 Nc6 3. Nc3 e6 4. Nf3 Nf6 5. Be2 d5 6. exd5 exd5 7. cxd5 Nxd5 8. 0-0 Be7 9. d4 0-0 10. Nxd5 Qxd5 11. dxc5 Qxc5 12. Be3 Qa5 13. a3 Bf6 14. Qc2 Bf5 15. Qc5 Qxc5 16. Bxc5 Rfe8 17. Bc4 Bxb2 18. Rad1 Bf6 19. Nd4 Nxd4 20. Bxd4 Bxd4 21. Rxd4 Rad8 22. Rf4 Be6 23. Bxe6 Rxe6 24. h3 g6 25. Rc1 Rd7 26. Rb4 Re2 27. Rc8+ Kg7 28. Ra8 b6 29. Rb3 Rd1+ 30. Kh2 Rxf2 31. Rxa7 Rdd2 32. Rg3 h5 33. h4 Rf4 34. Kh3 Rdd4 35. Rc3 Rxh4+ 36. Kg3 Rhg4+ 37. Kf3 h4 38. Rcc7 Rgf4+ 39. Ke3 Rde4+ 40. Kd3 Re6 41. Rc2 g5 42. a4 Rf5 43. Rc1 Rd5+ 44. Kc2 Rc5+ 45. Kb2 Re2+ 46. Kb1 Rxc1+ 47. Kxc1 Rxg2 48. Rb7 Ra2 49. Rxb6 Rxa4 50. Kd1 h3 51. Rb2 g4 52. Ke1 Rf4 53. Rh2 Kg6 54. Ke2 Kg5 55. Ke3 Rf3+ 56. Ke2 Kf4 57. Rh1 Re3+ 58. Kf2 g3+ 0-1

[Event "NED-ch U14"]
[Site "Almelo"]
[Date "2023.05.01"]
[Round "2"]
[White "Ten Kate, Gustav"]
[Black "Verwer, Oscar"]
[Result "1-0"]
[WhiteElo "1815"]
[BlackElo "1549"]
[PlyCount "71"]
[EventDate "2023.04.30"]
[EventType "swiss"]
[EventRounds "9"]
[EventCountry "NED"]
[SourceTitle "CBM 214 Extra"]
[Source "ChessBase"]
[SourceDate "2023.07.31"]
[SourceVersion "1"]
[SourceVersionDate "2023.07.31"]
[SourceQuality "1"]

1. e4 c5 2. c4 Nc6 3. Nf3 e5 4. Nc3 d6 5. Be2 Be6 6. d3 Be7 7. 0-0 Qd7 8. a3 Nh6 9. Rb1 f5 10. b4 b6 11. Nd5 f4 12. Qa4 0-0 13. Re1 Kh8 14. Bd1 Bf6 15. Qb5 Nd4 16. Nxd4 cxd4 17. Qxd7 Bxd7 18. b5 g5 19. a4 Bd8 20. Ba3 Rg8 21. Bxd6 Nf7 22. Bb4 g4 23. Bb3 h5 24. c5 bxc5 25. Bxc5 Ng5 26. Bd6 Nf7 27. Bb4 Ng5 28. Rec1 g3 29. Nc7 Rc8 30. Bxg8 Kxg8 31. Nd5 h4 32. Rxc8 Bxc8 33. Be7 gxh2+ 34. Kxh2 Nf7 35. Bxd8 Nxd8 36. Ne7+ 1-0